Publishing, the future / (Record no. 77168)

MARC details
000 -LEADER
fixed length control field 00795nam a2200193 a 4500
008 - FIXED-LENGTH DATA ELEMENTS--GENERAL INFORMATION
fixed length control field 120416s1988 ||||||||||||||||| || u
020 ## - INTERNATIONAL STANDARD BOOK NUMBER
International Standard Book Number 0720607205
050 ## - LIBRARY OF CONGRESS CALL NUMBER
Classification number Z 278 Pub
100 ## - MAIN ENTRY--PERSONAL NAME
Personal name Owen, Peter
245 10 - TITLE STATEMENT
Title Publishing, the future /
Statement of responsibility, etc. edited by Peter Owen
260 ## - PUBLICATION, DISTRIBUTION, ETC.
Place of publication, distribution, etc. London
Name of publisher, distributor, etc. Peter Owen
Date of publication, distribution, etc. 1988
300 ## - PHYSICAL DESCRIPTION
Extent 128p.
350 ## -
-- 0.00
650 ## - SUBJECT ADDED ENTRY--TOPICAL TERM
Topical term or geographic name entry element PUBLISHERS AND PUBLISHING--FORECASTING
650 #3 - SUBJECT ADDED ENTRY--TOPICAL TERM
Topical term or geographic name entry element PUBLISHING
650 ## - SUBJECT ADDED ENTRY--TOPICAL TERM
Topical term or geographic name entry element PUBLISHERS AND PUBLISHING--GREAT BRITAIN
995 ## -
-- ANNEX COLLECTION (Main Library)
-- 0.00
-- 718942
-- CBU-MAIN LIBRARY (Kitwe)
-- 1
-- 10.95
-- Z 278 Pub
-- 1
-- AVAILABLE
-- 017437
-- Annex Low-Usage Collection
995 ## -
-- ANNEX COLLECTION (Main Library)
-- 0.00
-- 718943
-- CBU-MAIN LIBRARY (Kitwe)
-- 2
-- 10.95
-- Z 278 Pub
-- 2
-- AVAILABLE
-- 017433
-- Annex Low-Usage Collection
999 ## -
-- 77168
-- 77168
Holdings
Withdrawn status Lost status Source of classification or shelving scheme Damaged status Not for loan Permanent Location Current Location Shelving location Date acquired Total Checkouts Full call number Barcode Date last seen Copy number Price effective from Koha item type
          CBU-MAIN LIBRARY, KITWE. CBU-MAIN LIBRARY, KITWE.   04/25/2023   Z 278 Pub 017437 04/25/2023 1 04/25/2023 MONOGRAPH
          CBU-MAIN LIBRARY, KITWE. CBU-MAIN LIBRARY, KITWE.   04/25/2023   Z 278 Pub 017433 04/25/2023 2 04/25/2023 MONOGRAPH